| 000 | 01727nam a2200361Ia 4500 | ||
|---|---|---|---|
| 003 | OSt | ||
| 005 | 20200715105646.0 | ||
| 008 | 191128s2013 ck ad gr 000 0dspa d | ||
| 020 | _a9789586828451 | ||
| 040 |
_aCO-JMCR _cCO-JMCR |
||
| 041 | 0 | _aspa | |
| 082 | 0 | 4 |
_a330.9861 / _bC266i1 _223 |
| 100 | 1 |
_aCárdenas S., Mauricio, _eautor _96536 |
|
| 245 | 1 | 0 |
_aIntroducción a la economía colombiana / _cMauricio Cárdenas S. ; colaboradores Roberto Junguito, Camilo García, María Fernanda Rosales [y otros 3] |
| 250 | _a3a. edición. | ||
| 260 |
_aBogotá : _bAlfaomega : Fedesarrollo, _c2013. |
||
| 300 |
_axxii, 549 páginas : _bilustraciones, gráficos a blanco y negro ; _c24 cm. |
||
| 504 | _aBibliográfia: páginas 550-561. | ||
| 505 | 0 | _aCaracterísticas estructurales de la economía colombiana -- Los sectores externo y público -- Funcionamiento de los principales mercados -- La problemática social -- | |
| 520 | 0 | _aEl contenido de este libro es un pilar fundamental para los profesionales y estudiantes de diferentes disciplinas que están interesados y/o quieren un conocimiento serio y documentado de nuestra estructura ecónomica actual. | |
| 650 | 1 | 4 |
_aEconomía colombiana _97283 |
| 650 | 2 | 4 |
_aCrecimiento económico _93636 |
| 650 | 2 | 4 |
_aHacienda pública _97284 |
| 650 | 2 | 4 |
_aCambio exterior _95875 |
| 650 | 2 | 4 |
_aMercado financiero _zColombia _97285 |
| 650 | 2 | 4 |
_aPolítica social _zColombia _97286 |
| 650 | 2 | 4 |
_aPolítica económica _97287 |
| 700 | 1 |
_aJunguito, Roberto, _ecolaborador _97213 |
|
| 700 | 1 |
_aGarcía, Camilo, _ecolaborador _97258 |
|
| 700 | 1 |
_aRosales, Mária Fernanda, _ecolaboradora _97259 |
|
| 700 | 1 |
_aHerrera, Catalina, _ecolaboradora _97288 |
|
| 942 |
_2ddc _cBK |
||
| 999 |
_c4725 _d4725 |
||